<?xml version="1.0" encoding="UTF-8"?><?xml-stylesheet type="text/xsl" href="static/style.xsl"?><OAI-PMH xmlns="http://www.openarchives.org/OAI/2.0/" xmlns:xsi="http://www.w3.org/2001/XMLSchema-instance" xsi:schemaLocation="http://www.openarchives.org/OAI/2.0/ http://www.openarchives.org/OAI/2.0/OAI-PMH.xsd"><responseDate>2026-06-06T03:55:37Z</responseDate><request verb="GetRecord" identifier="oai:riuma.uma.es:10630/37872" metadataPrefix="marc">https://riuma.uma.es/rest/oai/request</request><GetRecord><record><header><identifier>oai:riuma.uma.es:10630/37872</identifier><datestamp>2026-02-03T10:17:02Z</datestamp><setSpec>com_10630_1685</setSpec><setSpec>col_10630_38084</setSpec></header><metadata><record xmlns="http://www.loc.gov/MARC21/slim" xmlns:dcterms="http://purl.org/dc/terms/" xmlns:doc="http://www.lyncode.com/xoai" xmlns:xsi="http://www.w3.org/2001/XMLSchema-instance" xsi:schemaLocation="http://www.loc.gov/MARC21/slim http://www.loc.gov/standards/marcxml/schema/MARC21slim.xsd">
   <leader>00925njm 22002777a 4500</leader>
   <datafield ind2=" " ind1=" " tag="042">
      <subfield code="a">dc</subfield>
   </datafield>
   <datafield ind2=" " ind1=" " tag="720">
      <subfield code="a">García-Martín, Miguel Ángel</subfield>
      <subfield code="e">author</subfield>
   </datafield>
   <datafield ind2=" " ind1=" " tag="720">
      <subfield code="a">Bernedo-Muñoz, Isabel María</subfield>
      <subfield code="e">author</subfield>
   </datafield>
   <datafield ind2=" " ind1=" " tag="720">
      <subfield code="a">Salas-Martínez, María Dolores</subfield>
      <subfield code="e">author</subfield>
   </datafield>
   <datafield ind2=" " ind1=" " tag="720">
      <subfield code="a">González-Pasarín, Lucía</subfield>
      <subfield code="e">author</subfield>
   </datafield>
   <datafield ind2=" " ind1=" " tag="260">
      <subfield code="c">2023</subfield>
   </datafield>
   <datafield ind2=" " ind1=" " tag="520">
      <subfield code="a">Esta herramienta ha sido diseñada por del Grupo de Investigación sobre Acogimiento Familiar y Adopción (GIAFA) de la Universidad de Málaga (UMA) para evaluar la calidad de las visitas que mantiene el niño, la niña o adolescente (NNA) en acogimiento familiar con sus padres u otros familiares con responsabilidad o capacidad de cuidado (p.ej., abuelos, tíos o hermanos mayores) (García-Martín et al., 2023) . Esta herramienta permite identificar las áreas en las que las familias necesitan apoyo para el ejercicio de su parentalidad con relación a las visitas y a diseñar intervenciones colaborativas y específicas dirigidas a mejorar la calidad de las visitas y la relación entre padres e hijos (u otros familiares con responsabilidad o capacidad de cuidado).&#xd;
Este instrumento lo conforman dos checklist de observación de la conducta mostrada durante las visitas. Uno para los adultos con responsabilidad de cuidado, otro para los niños, niñas y adolescentes acogidos. Consta de 7 categorías de comportamiento identificadas en un estudio previo del grupo (Salas et al., 2021) : 1) Encuentro; 2) Estilo de interacción; 3) Estrategias educativas parentales, en el caso del niño, Respuesta ante las correcciones; 4) Temas de conversación; 5) Regalos; 6) Comportamiento durante una actividad compartida; y 7) Despedida. El checklist del adulto recoge 32 comportamientos considerados positivos y 27 negativos, mientras que el del niño comprende 31 positivos y 27 negativos. &#xd;
Para cada comportamiento, se recogen dos indicadores, su diversidad (presencia o ausencia de un determinado comportamiento) y su frecuencia (número de veces que aparece dicho comportamiento). La combinación de ambos indicadores (diversidad y frecuencia de comportamientos positivos y negativos) permitió generar un índice de calidad de las visitas.</subfield>
   </datafield>
   <datafield ind1="8" ind2=" " tag="024">
      <subfield code="a">García-Martín, M. A., Bernedo, I. M., Salas, M. D., &amp; González-Pasarín, L. (2023). Indicators of contact visit quality in non-kinship foster care: An observational checklist. Children &amp; Society, 38(2), 524-546. https://doi.org/10.1111/chso.12723</subfield>
   </datafield>
   <datafield ind1="8" ind2=" " tag="024">
      <subfield code="a">https://hdl.handle.net/10630/37872</subfield>
   </datafield>
   <datafield ind1="8" ind2=" " tag="024">
      <subfield code="a">10.1111/chso.12723</subfield>
   </datafield>
   <datafield tag="653" ind2=" " ind1=" ">
      <subfield code="a">Familias de acogida</subfield>
   </datafield>
   <datafield ind2="0" ind1="0" tag="245">
      <subfield code="a">Checklist observacional para valorar la calidad de las visitas durante el acogimiento familiar.</subfield>
   </datafield>
</record>
</metadata></record></GetRecord></OAI-PMH>